000 00329nam a2200145Ia 4500
008 230718s9999 xx 000 0 und d
041 _aEng.
082 _a340.59
_bJAM-I
100 _aJamal abbasi
245 0 _aIslami jourlis prefrence
260 _aPakistan
_bPakistan
_c2019
300 _a626
650 _aLaw
999 _c32927
_d32927